ბათუმის შოთა რუსთაველის სახელმწიფო უნივერსიტეტის ბიბლიოთეკა

ინგლისურ-რუსულ-ქართული ტექნიკური განმარტებითი ლექსიკონი = English-Russian-Georgian Dictionary of computers and information technology = Англо-русско-грузинский технический толковый словарь : (ბიბ.ჩანაწერი № 34446)

000 -ლიდერი
ფიქსირებული სიგრძის საკონტროლო ველი 01353nam a2200217Ia 4500
001 - საკონტროლო ნომერი
საკონტროლო ველი 190
003 - საკონტროლო ნომრის იდენტიფიკატორი
საკონტროლო ველი GE_BSU
005 - ბოლო ოპერაციის თარიღი და დრო
საკონტროლო ველი 20220818123620.0
008 - ფიქსირებული სიგრძის მონაცემთა ელემენტები - ზოგადი ინფორმაცია
ფიქსირებული სიგრძის საკონტროლო ველი 181216s1994||||ge |||||||||||||| ||geo||
020 ## - წიგნის საერთაშორისო სტანდარტული ნომერი
International Standard Book Number 5520015236
040 ## - კატალოგიზაციის წყარო
Transcribing agency GE_BSU
041 ## - ენის კოდი
Language code of text/sound track or separate title geo
080 ## - უნივერსალური ათობითი კლასიფიკაციის ინდექსი
Universal Decimal Classification number 681.3(038)+681.14(038) ბ–564
100 ## - მთავარი ჩანაწერი - პიროვნების სახელი
Personal name ბერულავა, რევაზ
9 (RLIN) 14537
245 ## - ცნობა სათაურის შესახებ
Title ინგლისურ-რუსულ-ქართული ტექნიკური განმარტებითი ლექსიკონი = English-Russian-Georgian Dictionary of computers and information technology = Англо-русско-грузинский технический толковый словарь :
Remainder of title (გამოთვლითი ტექნიკა, დაპროგრამება...) /
Statement of responsibility, etc რევაზ ბერულავა, იდელა ქვაჩახია ; ივერი ფრანგიშვილის წინასიტყვ. და რედ. ; საქ. მეცნ. აკად., საქ. საინჟ. აკადემია.
264 ## - წარმოების, გამოცემის, დისტრიბუციის და სხვა ცნობები
გამოცემის, წარმოების, დისტრიბუციის... ადგილი თბ. :
გამოცემის, წარმოების, დისტრიბუციის... სახელწოდება მეცნიერება,
გამოცემის, წარმოების, დისტრიბუციის... თარიღი 1994.
300 ## - ფიზიკური აღწერა
Extent 142 გვ.;
Other physical details 20 სმ.
653 ## - INDEX TERM--UNCONTROLLED
Uncontrolled term ლექსიკონი
700 ## - ADDED ENTRY--PERSONAL NAME
Personal name ქვაჩახია, იდელა
Relator term ავტორი
9 (RLIN) 14538
942 ## - ADDED ENTRY ELEMENTS (KOHA)
Koha item type წიგნი
Source of classification or shelving scheme
ეგზემპლარები
ჩამოწერის სტატუსი დაკარგული ეგზემპლარის სტატუსი კლასიფიკაციის წყარო ან თაროზე გაწყობის სქემა დაზიანების სტატუსი არ გაიცემა მუდმივი მდებარეობა (დაცვის ადგილი) ამჟამინდელი ადგილსამყოფელი თაროზე განთავსების ადგილი შეძენის თარიღი ღირებულება, შესყიდვის ნორმალური ფასი სრული შენახვის შიფრი შტრიხკოდი ბოლო ოპერაციის თარიღი ეგზემპლარის მიმდევრობითი ნომერი (კეტერი?) ფასის ძალაში შესვლის თარიღი ეგზემპლარის სახეობა საჯარო შენიშვნა
          ბათუმის შოთა რუსთაველის სახელმწიფო უნივერსიტეტის მთავარი ბიბლიოთეკა ბათუმის შოთა რუსთაველის სახელმწიფო უნივერსიტეტის მთავარი ბიბლიოთეკა წიგნსაცავი 2018-12-17 20.00 681.3(038)+681.14(038) ბ–564 2076 2018-12-17 2076 2018-12-17 წიგნი 20 ლ.
          ბათუმის შოთა რუსთაველის სახელმწიფო უნივერსიტეტის მთავარი ბიბლიოთეკა ბათუმის შოთა რუსთაველის სახელმწიფო უნივერსიტეტის მთავარი ბიბლიოთეკა წიგნსაცავი 2018-12-17 20.00 681.3(038)+681.14(038) ბ–564 2077 2018-12-17 2077 2018-12-17 წიგნი 20 ლ.